Vista normal
Vista MARC
Entrada Materia (personas)
Número de registros utilizados en: 1
001 - CONTROL NUMBER
- control field: 153814
003 - CONTROL NUMBER IDENTIFIER
- control field: Co-BoUCM
005 - DATE AND TIME OF LATEST TRANSACTION
- control field: 20211028100929.0
008 - FIXED-LENGTH DATA ELEMENTS
- fixed length control field: 211028|| aca||aabn | a|a d
040 ## - CATALOGING SOURCE
- Original cataloging agency: Co-BoUCM
- Transcribing agency: Co-BoUCM
100 ## - HEADING--PERSONAL NAME
- Personal name: Hermosilla Gago, Teresa
670 ## - SOURCE DATA FOUND
- Source citation: Work cat.: (Co-BoUCM)92689: Hermosilla Gago, Teresa, Herramienta de ayuda a la toma de decisiones (HATD) para pacientes con fibrilación auricular no valvular, 2008